00391nam a22001577a 450000500170000000800410001704000070005804100120006508200200007710000300009724500390012744000130016665000120017970000210019170000210021220230502131739.0230502b ||||| |||| 00| 0 eng d cAL aEnglish 223a574/4bRAOT aM Sudhakar Rao and others aTextbook of Pre University Biology aVolume I aBiology aRAO (Sudhakar M) aNAYAK (K Vimala)